| 000 | 00682nam a22002177a 4500 | ||
|---|---|---|---|
| 999 |
_c15444 _d15444 |
||
| 003 | AR-CdUCM | ||
| 008 | 190427b ||||| |||| 00| 0 spa d | ||
| 040 |
_aMUNICIPALIDAD PROVINCIAL DEL CUSCO _cBIBLIOTECA MUNICIPAL DEL CUSCO |
||
| 082 |
_a868.6 / _bB24 / 1911 |
||
| 100 |
_aBaroja, Pío _910844 |
||
| 245 |
_aLa casa de Aizgorri : _bNovela en siete jornadas / |
||
| 260 |
_aMadrid : _bRenacimiento, _c1911. |
||
| 300 |
_a256 páginas ; _c18 cm. |
||
| 440 |
_aBiblioteca Popular _92058 |
||
| 505 | _aContenido: Novela. | ||
| 650 |
_aLiteratura Española _9612 |
||
| 650 |
_aNovela Española _96059 |
||
| 650 |
_aSiglo XX _98 |
||
| 942 |
_2ddc _cLIBROS |
||
| 945 |
_aachl _d2019-04-27 |
||